000
00212 a2200097 4500
001
17998
100
_a
Washton, N S
245
_a
Teaching science creatively
260
_a
_b
Saunders Co
_c
090
_c
13302
_d
13302
942
_a
NUST-CAE
_c
M
_c
3673
999
_c
253071
_d
253071